000 00841nam a2200253 i 4500
001 sa 66003574
003 DLC
005 20260227112237.0
008 960613m19601962ii 000 0 tam
010 _asa 66003574
025 _aPL480:I-T-1218
040 _aDLC
_cDLC
_dDLC
050 0 0 _aPL4758.6.A2
_bA4 1960
130 0 _aAkanān̲ūr̲u.
245 0 0 _aAkanān̲ūr̲u :
_bpāṭin̲ōr pāṭapper̲r̲ōr varalār̲ukaḷuṭan̲ /
_cPuliyūrk Kēcikan̲ teḷivurai.
250 _a[1. patippu].
260 _aCen̲n̲ai :
_bAruṇā Papḷikēṣan̲s,
_c[1960-1962]
300 _a3 v. ;
_c19 cm.
500 _a"Nūlakap patippu".
500 _aIn Tamil.
505 0 _a[1] Kaḷir̲r̲iyān̲ainirai.--[2] Maṇimiṭai pavaḷam.--[3] Nittilak kōvai.
650 0 _aTamil poetry
_yTo 1500.
700 0 _aPuliyūrk Kēcikan̲.
999 _c68965
_d68965